[Event "Uljanovsk op"]
[Site "Uljanovsk"]
[Date "2010.02.14"]
[Round "9"]
[White "Shur, Valery"]
[Black "Gazizov, Iljas"]
[Result "1/2-1/2"]
[WhiteElo "2108"]
[BlackElo "2227"]
[PlyCount "69"]
[EventDate "2010.02.06"]
[EventType "swiss"]
[EventRounds "9"]
[EventCountry "RUS"]
[SourceTitle "CBM 134 Extra"]
[Source "ChessBase"]
[SourceDate "2010.03.03"]
[SourceVersion "1"]
[SourceVersionDate "2010.03.03"]
[SourceQuality "1"]

1. c4 c6 2. Nf3 d5 3. b3 Nf6 4. Bb2 Bf5 5. g3 e6 6. Bg2 Be7 7. 0-0 0-0 8. d3 h6 9. Nbd2 Nbd7 10. Re1 Bh7 11. a3 a5 12. Rc1 Qb6 13. d4 Ne4 14. Nxe4 Bxe4 15. Nd2 Bxg2 16. Kxg2 Nf6 17. Qc2 Rad8 18. f3 c5 19. dxc5 Qxc5 20. cxd5 Qxd5 21. Nc4 Rc8 22. e4 Qh5 23. Qe2 Qb5 24. Rc3 Rfd8 25. a4 Qa6 26. Rec1 Nd7 27. Rd1 Nc5 28. Rxd8+ Bxd8 29. Qc2 Be7 30. Ba3 b6 31. Nxa5 Qxa5 32. b4 Qa7 33. bxc5 Bxc5 34. Bb4 Ra8 35. Bxc5 1/2-1/2

[Event "Uljanovsk Privolje op"]
[Site "Uljanovsk"]
[Date "2009.01.31"]
[Round "2"]
[White "Rodchenkov, Vitaly"]
[Black "Shur, Valery"]
[Result "1-0"]
[WhiteElo "2413"]
[BlackElo "2119"]
[PlyCount "55"]
[EventDate "2009.01.31"]
[EventType "swiss"]
[EventRounds "9"]
[EventCountry "RUS"]
[SourceTitle "EXT 2022"]
[Source "ChessBase"]
[SourceDate "2021.10.06"]
[SourceVersion "1"]
[SourceVersionDate "2021.10.06"]
[SourceQuality "1"]

1. e4 c5 2. Nf3 e6 3. Nc3 a6 4. d4 cxd4 5. Nxd4 Qc7 6. g3 d6 7. Bg2 Be7 8. 0-0 Nf6 9. f4 0-0 10. g4 Nc6 11. Nxc6 bxc6 12. g5 Nd7 13. Be3 Re8 14. Qh5 Bf8 15. Rf3 g6 16. Qh4 Bg7 17. Rh3 Nf8 18. e5 d5 19. Na4 Rb8 20. b3 a5 21. Nc5 Rd8 22. c3 Ra8 23. Nd3 Bd7 24. Nf2 c5 25. Ng4 d4 26. Nf6+ Bxf6 27. gxf6 h5 28. Qg5 1-0